Proceso contencioso entre el Consejo Supremo Real de Justicia con el Tribunal de la Inquisición de Galicia por la competencia de jurisdicción

Detalles Bibliográficos
Formato: Libro
Publicado: Galicia, s.f.
Materias:
Colección:Banco de datos
Acervo:Biblioteca Palafoxiana. Colección de Manuscritos
Descripción Física:2 f. ; 28 x 20 cm.
Tema general:Eclesiástica
LEADER 00451nam a22001330004500
035 |a 718 
245 1 0 |a Proceso contencioso entre el Consejo Supremo Real de Justicia con el Tribunal de la Inquisición de Galicia por la competencia de jurisdicción 
260 |a Galicia, s.f. 
300 |a 2 f. ; 28 x 20 cm. 
650 1 0 |a Eclesiástica 
949 |a 19576/003 
942 |c PALAMANU 
943 |g Biblioteca Palafoxiana. Colección de Manuscritos 
999 |c 1068663  |d 1068663